| 000 | 01762cam a2200373 a 4500 | ||
|---|---|---|---|
| 001 | 14422869 | ||
| 005 | 20170105102919.0 | ||
| 008 | 060621s2006 nyuh 001 0 eng | ||
| 010 | _a 2006020610 | ||
| 020 | _a0307338053 | ||
| 020 | _a9780307338051 | ||
| 035 | _a(OCoLC)ocm70167726 | ||
| 040 |
_aDLC _cDLC _dBAKER _dOCO _dC#P _dDLC |
||
| 043 | _an-us--- | ||
| 050 | 0 | 0 |
_aUB251.U5 _bG47 2006 |
| 082 | 0 | 0 |
_a327.120973 _222 |
| 100 | 1 | _aGertz, Bill. | |
| 245 | 1 | 0 |
_aEnemies : _bhow America's foes steal our vital secrets--and how we let it happen / _cBill Gertz. |
| 250 | _a1st ed. | ||
| 260 |
_aNew York : _bCrown Forum, _cc2006. |
||
| 300 |
_a290 p. : _bfacsims. ; _c25 cm. |
||
| 500 | _aIncludes index. | ||
| 505 | 0 | _aIntroduction: the gaping holes in America's defenses -- Parlor maid -- Red flower -- The spies who got away -- The FBI's wild-goose chase -- KGB redux : Russia's aggressive espionage -- North Korea : criminal state -- Countering the terrorist threat -- Cuba's mole in the Pentagon -- Stakeknife -- Conclusion: defenseless -- Appendix: Enemy spies unmasked. | |
| 650 | 0 |
_aEspionage _zUnited States. |
|
| 650 | 0 |
_aTerrorism _zUnited States. |
|
| 650 | 0 | _aWar on Terrorism, 2001-2009. | |
| 856 | 4 | 1 |
_3Table of contents only _uhttp://www.loc.gov/catdir/toc/ecip0615/2006020610.html |
| 856 | 4 | 2 |
_3Contributor biographical information _uhttp://www.loc.gov/catdir/enhancements/fy0668/2006020610-b.html |
| 856 | 4 | 2 |
_3Publisher description _uhttp://www.loc.gov/catdir/enhancements/fy0668/2006020610-d.html |
| 856 | 4 | 1 |
_3Sample text _uhttp://www.loc.gov/catdir/enhancements/fy0702/2006020610-s.html |
| 906 |
_a7 _bcbc _corignew _d1 _eecip _f20 _gy-gencatlg |
||
| 942 |
_2ddc _cBK |
||
| 999 |
_c15482 _d15482 |
||